Multimedia Texts and Contexts (Record no. 2798)

MARC details
000 -LEADER
fixed length control field 00329nam a22001337a 4500
008 - FIXED-LENGTH DATA ELEMENTS--GENERAL INFORMATION
fixed length control field 250402b |||||||| |||| 00| 0 eng d
020 ## - INTERNATIONAL STANDARD BOOK NUMBER
ISBN 0761949941
100 ## - MAIN ENTRY--AUTHOR
Author ANNE Cranny Francis
245 ## - TITLE STATEMENT
Title Multimedia Texts and Contexts
260 ## - PUBLICATION, DISTRIBUTION, ETC. (IMPRINT)
Place of publication Britain
Name of publisher Sage Publication
Date of publication 2005
300 ## - COLLATION
Pagination 196p.
942 ## - ADDED ENTRY ELEMENTS (KOHA)
Item type Books
050 ## - LIBRARY OF CONGRESS CALL NUMBER
Classification number HD96.F73
Holdings
Source of classification or shelving scheme Not for loan Permanent location Current location Date acquired Accession No. Full call number Barcode. Koha item type
Library of Congress Classification   Samuel Ogbemudia Main Library, University of Abuja Samuel Ogbemudia Main Library, University of Abuja 04/02/2025 2007/34111 HD96.F73 2025-1104 Books